Prénoms féminins les plus donnés en 2018 - Statistiques

Statistiques générales
  • Ce quiz a été pris 1 616 fois
  • Le résultat moyen est 55 sur 100
Statistiques - réponses
Réponse % Correct
J 65 Julie
94%
L 3 Léa
94%
L 16 Lou
93%
E 4 Emma
92%
C 15 Chloé
87%
C 2 Camille
86%
J 1 Jade
86%
L 6 Louise
84%
Z 32 Zoé
84%
A 14 Anna
83%
J 26 Juliette
82%
A 5 Alice
80%
A 74 Ana
79%
C 27 Clara
79%
J 18 Julia
79%
M 9 Manon
79%
L 67 Lisa
77%
J 51 Jeanne
76%
C 20 Charlotte
75%
E 25 Elise
75%
L 42 Lucie
75%
L 7 Léna
74%
E 11 Eva
73%
I 38 Inès
73%
R 31 Rose
73%
L 19 Lola
71%
R 12 Romane
71%
O 53 Olivia
70%
L 47 Lina
68%
E 61 Emilie
67%
V 72 Valentine
67%
C 28 Clémence
66%
L 83 Lise
66%
N 69 Nina
66%
A 39 Alicia
65%
O 59 Océane
65%
M 36 Mathilde
64%
V 89 Victoire
64%
V 46 Victoria
63%
A 48 Anaïs
62%
H 100 Héloïse
62%
M 24 Margaux
62%
A 8 Ambre
60%
E 17 Eléna
60%
G 57 Gabrielle
60%
L 34 Louna
60%
M 35 Margot
60%
N 44 Noémie
60%
E 99 Eloïse
59%
M 13 Mila
58%
I 64 Iris
57%
L 58 Luna
57%
M 86 Maëlys
57%
M 43 Mia
57%
L 60 Lily
56%
A 33 Agathe
54%
E 78 Elsa
54%
E 79 Emy
52%
A 22 Adèle
51%
C 23 Charlie
50%
L 30 Léana
50%
L 21 Léonie
49%
L 82 Lila
49%
L 66 Léane
48%
R 70 Romy
46%
S 54 Sofia
46%
C 29 Capucine
45%
C 55 Charline
44%
F 56 Faustine
44%
E 41 Elina
43%
A 63 Alix
42%
A 92 Anaé
42%
E 50 Eléa
42%
G 37 Giulia
42%
M 52 Méline
40%
S 71 Salomé
40%
C 77 Coline
39%
E 98 Eline
39%
M 68 Mya
39%
C 96 Constance
38%
E 10 Eden
38%
S 45 Soline
38%
A 40 Andréa
36%
A 75 Axelle
36%
C 49 Candice
36%
E 90 Ella
34%
A 93 Apolline
30%
E 80 Enora
30%
C 95 Cassandre
28%
A 94 Aurore
26%
C 76 Céleste
21%
A 62 Albane
20%
C 91 Célestine
19%
H 81 Hanaé
19%
T 73 Tessa
18%
L 84 Lucy
17%
M 85 Maëline
17%
S 88 Séréna
13%
C 97 Cyrielle
10%
M 87 Mélie
9%
Aucun quiz correspondant
Distribution des résultats
% des personnes avec chaque résultat
Percentile par nombre de réponses
Votre historique - résultats
Vous n’avez pas pris ce quiz